PSG 2023/24 Squad - Statistics

General Stats
  • This quiz has been taken 1,549 times
    446 since last reset
  • The average score is 18 of 28
Answer Stats
# (Number) Player % Correct
99 Gianluigi Donnarumma
98%
38 Ethan Mbappe
89%
7 Kylian Mbappe
89%
5 Marquinhos
88%
2 Achraf Hakimi
87%
10 Ousmane Dembele
85%
17 Vitinha
81%
25 Nuno Mendes
80%
29 Bradley Barcola
78%
9 Goncalo Ramos
76%
3 Presnel Kimpembe
74%
8 Fabian Ruiz
73%
1 Keylor Navas
72%
33 Warren Zaire-Emery
69%
21 Lucas Hernandez
63%
80 Arnau Tenas
60%
11 Marco Asensio
60%
23 Randal Kolo Muani
60%
35 Lucas Beraldo
52%
28 Carlos Soler
46%
19 Kang-In Lee
46%
4 Manuel Ugarte
45%
37 Milan Skriniar
43%
15 Danilo Pereira
41%
16 Sergio Rico
37%
30 Alexandre Letellier
36%
26 Nordi Mukiele
25%
97 Layvin Kurzawa
21%
No matching quizzes found
Score Distribution
Percent of People with Each Score
Percentile by Number Answered
Your Score History
You have not taken this quiz since the last reset